[Event "SR 2. liga A 2014/2015"]
[Site "?"]
[Date "2015.02.14"]
[Round "8.5"]
[White "Kundrak, Vladimir"]
[Black "Nemsak, Denis"]
[Result "1/2-1/2"]
[WhiteElo "1949"]
[BlackElo "1957"]
[PlyCount "84"]
[EventDate "2014.??.??"]

1. b3 c5 2. Bb2 Nc6 3. Nf3 d6 4. d4 cxd4 5. Nxd4 Nf6 6. c4 g6 7. g3 Bg7 8. Bg2
Bd7 9. Nc3 a6 10. O-O Qc8 11. Na4 Qc7 12. Nf3 O-O 13. Re1 b5 14. cxb5 axb5 15.
Nc3 Rab8 16. Rc1 b4 17. Na4 Qa5 18. Nd2 Ne5 19. Nc4 Nxc4 20. Rxc4 Rfc8 21.
Rxc8+ Rxc8 22. Bd4 Bxa4 23. bxa4 Rc4 24. e3 Nd7 25. Bf1 Rc7 26. Bxg7 Kxg7 27.
Bb5 Ne5 28. Kg2 Rc3 29. Qd4 Kg8 30. Rb1 Rc2 31. Qxb4 Qxb4 32. Rxb4 Rxa2 33. h3
d5 34. Rd4 e6 35. e4 dxe4 36. Rxe4 f6 37. Re2 Rxe2 38. Bxe2 Nc6 39. Bb5 Na5 40.
Kf3 Kf7 41. Ke4 Ke7 42. Kd4 Kd6 1/2-1/2

[Event "SR 2. liga A 2014/2015"]
[Site "?"]
[Date "2015.02.14"]
[Round "8.5"]
[White "Falticko, Pavol"]
[Black "Soldan, Jan"]
[Result "1/2-1/2"]
[WhiteElo "1921"]
[BlackElo "1763"]
[PlyCount "202"]
[EventDate "2014.??.??"]

1. e4 c5 2. Nf3 d6 3. d4 cxd4 4. Nxd4 Nf6 5. Nc3 a6 6. Be2 Nc6 7. O-O e6 8. Be3
Be7 9. Qd2 O-O 10. f4 Qc7 11. Rad1 b5 12. Nxc6 Qxc6 13. e5 dxe5 14. Bf3 e4 15.
Be2 b4 16. Nb1 Bb7 17. c4 Rfd8 18. Qc1 a5 19. Rxd8+ Rxd8 20. Rd1 g6 21. Rxd8+
Bxd8 22. Qd1 Be7 23. Qd4 Nd7 24. b3 Bc5 25. Qd2 Bxe3+ 26. Qxe3 Qc5 27. Qf2 f5
28. g3 Kf7 29. Nd2 Kf6 30. Nf1 h6 31. h4 e5 32. fxe5+ Kxe5 33. Qe3 Qxe3+ 34.
Nxe3 g5 35. Kf2 Nf6 36. hxg5 hxg5 37. c5 Bd5 38. c6 Bxc6 39. Nc4+ Kd4 40. Nxa5
e3+ 41. Ke1 Be4 42. Nc4 f4 43. gxf4 gxf4 44. a4 bxa3 45. Nxa3 f3 46. Nb5+ Kc5
47. b4+ Kxb4 48. Bxf3 Kxb5 49. Bxe4 Kc5 50. Ke2 Kd4 51. Bf3 Nd7 52. Bc6 Nc5 53.
Bb5 Ne4 54. Ba6 Nc3+ 55. Kf3 Nd5 56. Ke2 Nf4+ 57. Kf3 Nd3 58. Ke2 Nc5 59. Bb5
Ne4 60. Ba6 Nc3+ 61. Kf3 Nd5 62. Ke2 Nc7 63. Bc4 Ne8 64. Bb5 Nf6 65. Bd3 Ng4
66. Ba6 Nf2 67. Bc4 Ne4 68. Ba6 Nc3+ 69. Kf3 Na4 70. Ke2 Nc5 71. Bb5 Ne6 72.
Kf3 Nc7 73. Bc4 Ne8 74. Ke2 Nd6 75. Ba6 Ne4 76. Kf3 Nc5 77. Bc4 Nd3 78. Bb5 Nb4
79. Ke2 Na2 80. Ba6 Nc3+ 81. Kf3 Nd1 82. Ke2 Nf2 83. Kf3 Ne4 84. Ke2 Nc5 85.
Bb5 Ke4 86. Bc6+ Kf4 87. Bb5 Ne4 88. Ba6 Ng3+ 89. Ke1 Nh1 90. Bb5 Nf2 91. Ke2
Ne4 92. Ba6 Nc3+ 93. Ke1 Ke4 94. Bb7+ Kd4 95. Ba6 Ke4 96. Bb7+ Kf4 97. Ba6 Ke4
98. Bb7+ Kf4 99. Ba6 Kg3 100. Bb7 Kh2 101. Bc6 Kg1 1/2-1/2

[Event "SR 2. liga A 2014/2015"]
[Site "?"]
[Date "2015.02.14"]
[Round "8.5"]
[White "Jezek, Filip"]
[Black "Fuchs, Ladislav"]
[Result "0-1"]
[WhiteElo "1181"]
[BlackElo "1892"]
[PlyCount "40"]
[EventDate "2014.??.??"]

1. e4 e5 2. Nf3 Nc6 3. Bb5 a6 4. Bxc6 dxc6 5. Nc3 Bd6 6. O-O Ne7 7. d3 O-O 8.
Be3 c5 9. a3 Bg4 10. Qe2 Nc6 11. Bd2 Nd4 12. Qd1 Nxf3+ 13. gxf3 Bh3 14. Re1 Qf6
15. Kh1 Qh4 16. Be3 f5 17. Qe2 f4 18. Bd2 Rf6 19. Rg1 Rh6 20. Nd5 Bf1 0-1

[Event "SR 2. liga A 2014/2015"]
[Site "?"]
[Date "2015.02.14"]
[Round "8.6"]
[White "Levay, Sorin"]
[Black "Bury, Rastislav"]
[Result "1-0"]
[WhiteElo "2347"]
[BlackElo "2147"]
[PlyCount "73"]
[EventDate "2014.??.??"]

1. g3 g6 2. Bg2 Bg7 3. Nf3 Nf6 4. O-O O-O 5. d4 d5 6. c4 c6 7. cxd5 cxd5 8. Nc3
Nc6 9. Ne5 e6 10. Nxc6 bxc6 11. Na4 Nd7 12. Bf4 Qa5 13. Rc1 Qb4 14. e3 Ba6 15.
a3 Qe7 16. Re1 Bb5 17. h4 Bxa4 18. Qxa4 c5 19. Qa6 Rfc8 20. Bd6 Qd8 21. dxc5
Bxb2 22. Rc2 Be5 23. Rec1 Bxd6 24. cxd6 Rxc2 25. Rxc2 Nb6 26. Rc6 Rc8 27. Qb7
Rxc6 28. Qxc6 Nc8 29. Qa8 Kg7 30. e4 f6 31. exd5 exd5 32. Qb7+ Kh6 33. Qc7 Qxd6
34. Qxc8 Qxa3 35. Bxd5 a5 36. Qe6 Qf8 37. Qe3+ 1-0

[Event "SR 2. liga A 2014/2015"]
[Site "?"]
[Date "2015.02.14"]
[Round "8.6"]
[White "Takacs, Laszlo"]
[Black "Spacek, Oliver"]
[Result "1/2-1/2"]
[WhiteElo "2110"]
[BlackElo "2011"]
[PlyCount "99"]
[EventDate "2014.??.??"]

1. e4 c5 2. Nf3 e6 3. d4 cxd4 4. Nxd4 a6 5. c4 Nf6 6. Nc3 Bb4 7. Bd3 Qc7 8. O-O
b6 9. Re1 Nc6 10. e5 Bxc3 11. bxc3 Nxe5 12. Ba3 d6 13. Nf5 exf5 14. f4 Be6 15.
fxe5 dxe5 16. Qa4+ Nd7 17. Rad1 f6 18. c5 O-O 19. Bc4 Nxc5 20. Bxe6+ Nxe6 21.
Bxf8 Kxf8 22. Qd7 Qxd7 23. Rxd7 Rc8 24. Rd6 Kf7 25. Rxb6 Rxc3 26. Rxa6 f4 27.
Ra1 e4 28. a4 Nd4 29. Rb6 Nb3 30. Rd1 e3 31. h4 f3 32. gxf3 e2 33. Re1 Nd4 34.
Kg2 Re3 35. a5 Nxf3 36. Kf2 Ra3 37. Rxe2 Nxh4 38. a6 g5 39. Ree6 g4 40. Rxf6+
Kg7 41. Rfc6 g3+ 42. Ke2 Ng6 43. Rb7+ Kh6 44. a7 Kg5 45. Rxh7 Nf4+ 46. Kd2 g2
47. Rg7+ Kf5 48. Rcc7 Ra2+ 49. Rc2 Rxa7 50. Rg3 1/2-1/2

[Event "SR 2. liga A 2014/2015"]
[Site "?"]
[Date "2015.02.14"]
[Round "8.6"]
[White "Jablonicky, Martin"]
[Black "Veselsky, Jozef"]
[Result "1-0"]
[WhiteElo "1949"]
[BlackElo "2133"]
[PlyCount "99"]
[EventDate "2014.??.??"]

1. e4 c5 2. Nf3 Nc6 3. d4 cxd4 4. Nxd4 Nf6 5. Nc3 d6 6. Be3 g6 7. f3 Bg7 8. Qd2
O-O 9. Bc4 Bd7 10. Bb3 a5 11. a4 Rc8 12. O-O Ne5 13. Qe2 Nc6 14. Qf2 Ne5 15.
Ndb5 Nc4 16. Bxc4 Rxc4 17. Bb6 Qa8 18. Nc7 Qb8 19. N7d5 Nxd5 20. Nxd5 e6 21.
Ne3 Rc6 22. Nd1 Rfc8 23. Rc1 Qa8 24. Bd4 Bxd4 25. Qxd4 Rxc2 26. Rxc2 Rxc2 27.
Ne3 Rc6 28. e5 Qa6 29. Ng4 Bc8 30. exd6 Rxd6 31. Nh6+ Kf8 32. Qh8+ Ke7 33. Qxc8
Qb6+ 34. Kh1 Rd2 35. Ng8+ Kd6 36. Qf8+ Kd5 37. Nf6+ Kd4 38. Qa3 Qxb2 39. Qd6+
Kc4 40. Qc7+ Kb4 41. Rc1 Ka3 42. Ne4 Rd4 43. Qc5+ Ka2 44. Nc3+ Kb3 45. Nd1 Qd2
46. Rc3+ Ka2 47. Rc2+ Kb1 48. Rxd2 Rxd2 49. Nc3+ Kb2 50. h4 1-0

[Event "SR 2. liga A 2014/2015"]
[Site "?"]
[Date "2015.02.14"]
[Round "8.6"]
[White "Kalmar, Tamas"]
[Black "Polasek, Filip"]
[Result "1-0"]
[WhiteElo "1966"]
[BlackElo "2122"]
[PlyCount "109"]
[EventDate "2014.??.??"]

1. d4 d5 2. c4 e6 3. Nc3 Nf6 4. Bg5 Nbd7 5. e3 Be7 6. Nf3 O-O 7. Rc1 Re8 8. Qc2
h6 9. Bh4 c6 10. cxd5 exd5 11. Bd3 Ne4 12. Bxe7 Qxe7 13. O-O Ndf6 14. Bxe4 Nxe4
15. Nxe4 Qxe4 16. Qxe4 Rxe4 17. Rc3 f6 18. Nd2 Re7 19. Rfc1 Bf5 20. Nb3 Kf7 21.
Nc5 Ke8 22. Rb3 Bc8 23. f3 b6 24. Na4 Bb7 25. Kf2 Kd7 26. Nc5+ Kc7 27. Nd3 Rae8
28. Nb4 Kd6 29. Rbc3 c5 30. dxc5+ bxc5 31. Nc2 f5 32. Rd1 g5 33. b4 cxb4 34.
Nxb4 a5 35. Nc2 Rc8 36. Rxc8 Bxc8 37. Nd4 Rb7 38. Rd2 Rb1 39. Ne2 Ba6 40. e4
fxe4 41. fxe4 Bxe2 42. Rxd5+ Ke6 43. Kxe2 Rb2+ 44. Rd2 Rb1 45. Ke3 Re1+ 46. Kf3
h5 47. Rd5 g4+ 48. Kf4 Re2 49. Rxa5 Rxg2 50. Rxh5 Rxa2 51. Rh6+ Kf7 52. Kxg4
Kg7 53. Rh5 Kg6 54. Rg5+ Kh6 55. h4 1-0

[Event "SR 2. liga A 2014/2015"]
[Site "?"]
[Date "2015.02.14"]
[Round "8.6"]
[White "Pericka, Tomas"]
[Black "Meszaros, Lorant"]
[Result "1-0"]
[WhiteElo "2010"]
[BlackElo "2071"]
[PlyCount "78"]
[EventDate "2014.??.??"]

1. e4 e5 2. Bc4 Nf6 3. d3 c6 4. Nf3 d6 5. Nc3 Be7 6. h3 h6 7. Be3 a5 8. a4 Na6
9. O-O Bd7 10. Re1 Nb4 11. d4 Qc7 12. dxe5 dxe5 13. Qe2 O-O 14. Rad1 Rfd8 15.
Rd2 Be8 16. Red1 Rxd2 17. Rxd2 Kh7 18. Bb3 Bd6 19. Nh4 g6 20. Qf3 Qe7 21. Ne2
b5 22. g4 c5 23. g5 Nh5 24. Nf5 gxf5 25. Qxh5 Qf8 26. exf5 Kh8 27. axb5 Be7 28.
c3 a4 29. Bc4 a3 30. bxa3 Rxa3 31. f6 Ra1+ 32. Kh2 e4 33. fxe7 Qxe7 34. Qxh6+
Kg8 35. Qg6+ Kh8 36. Qf6+ Qxf6 37. gxf6 Nd3 38. Nf4 Ne5 39. Rd8 Kh7 1-0

[Event "SR 2. liga A 2014/2015"]
[Site "?"]
[Date "2015.02.14"]
[Round "8.6"]
[White "Darazs, Zoltan"]
[Black "Ocko, Martin"]
[Result "1-0"]
[WhiteElo "2128"]
[BlackElo "1857"]
[PlyCount "107"]
[EventDate "2014.??.??"]

1. e4 c5 2. Nf3 Nc6 3. d4 cxd4 4. Nxd4 g6 5. Nc3 Bg7 6. Be3 Nf6 7. Bc4 Qa5 8.
O-O O-O 9. Nb3 Qh5 10. Be2 Qe5 11. f4 Qc7 12. e5 Ne8 13. Bf3 d6 14. Nb5 Qd7 15.
exd6 Nxd6 16. Nxd6 Qxd6 17. Qxd6 exd6 18. c3 Re8 19. Kf2 Bf5 20. Rad1 Bf8 21.
Nd4 Be4 22. Nb5 Bxf3 23. Kxf3 Red8 24. Rd2 a6 25. Nc7 Rac8 26. Bb6 Rd7 27. Nd5
Bg7 28. Bf2 Re8 29. Rfd1 g5 30. g3 h5 31. fxg5 Ne5+ 32. Kg2 Nc4 33. Rc2 Be5 34.
b3 Na3 35. Re2 Re6 36. c4 Kg7 37. Be1 Bd4 38. Rxe6 fxe6 39. Nf6 Bxf6 40. gxf6+
Kf7 41. Rc1 a5 42. Bxa5 b5 43. Bb4 Ra7 44. Bxd6 Kxf6 45. c5 b4 46. c6 Nb5 47.
Rf1+ Kg6 48. Bxb4 Rxa2+ 49. Rf2 Rxf2+ 50. Kxf2 Kf5 51. Ba5 e5 52. c7 Na7 53. b4
Ke6 54. b5 1-0

[Event "SR 2. liga A 2014/2015"]
[Site "?"]
[Date "2015.02.14"]
[Round "8.6"]
[White "Skapik, Branislav"]
[Black "Vegh, Vince"]
[Result "0-1"]
[WhiteElo "1822"]
[BlackElo "1919"]
[PlyCount "46"]
[EventDate "2014.??.??"]

1. Nf3 Nf6 2. g3 g6 3. Bg2 Bg7 4. O-O d5 5. d4 O-O 6. Nbd2 Nc6 7. Re1 Re8 8. c4
e5 9. dxe5 Nxe5 10. Nxe5 Rxe5 11. cxd5 Nxd5 12. Nc4 Be6 13. Nxe5 Bxe5 14. e4
Nb4 15. Bd2 Nd3 16. Bg5 f6 17. Re3 Nxb2 18. Qxd8+ Rxd8 19. Bf4 Nc4 20. Bxe5
Nxe3 21. Bxf6 Rf8 22. Bd4 Nc2 23. Bc5 Nxa1 0-1

[Event "SR 2. liga A 2014/2015"]
[Site "?"]
[Date "2015.02.15"]
[Round "9.1"]
[White "Balogh, Tomas"]
[Black "Bronis, Marian"]
[Result "1/2-1/2"]
[WhiteElo "2358"]
[BlackElo "2157"]
[PlyCount "50"]
[EventDate "2014.??.??"]

1. d4 d5 2. Nf3 Nc6 3. Bf4 Bg4 4. e3 e6 5. c4 Bd6 6. cxd5 exd5 7. Bg3 Nge7 8.
Nc3 a6 9. Rc1 Qd7 10. Be2 b5 11. Bxd6 cxd6 12. O-O h5 13. h3 Bf5 14. Bd3 Rc8
15. Bxf5 Qxf5 16. Re1 Rh6 17. Qc2 Qxc2 18. Rxc2 Kd7 19. Rec1 Rhh8 20. Ne1 g5
21. Nd3 Rhf8 22. b3 f6 23. Kf1 Rfe8 24. Kg1 Rf8 25. Kf1 Rfe8 1/2-1/2

[Event "SR 2. liga A 2014/2015"]
[Site "?"]
[Date "2015.02.15"]
[Round "9.1"]
[White "Slacky, Stanislav"]
[Black "Sukuba, Zdeno"]
[Result "1-0"]
[WhiteElo "2191"]
[BlackElo "2096"]
[PlyCount "85"]
[EventDate "2014.??.??"]

1. d4 Nf6 2. c4 e6 3. Nf3 b6 4. g3 Bb7 5. Bg2 c5 6. e3 d5 7. cxd5 exd5 8. O-O
Nbd7 9. Re1 Be7 10. Nc3 O-O 11. b3 Ne4 12. Bb2 Ndf6 13. Rc1 Nxc3 14. Bxc3 Ne4
15. Bb2 Rc8 16. Qe2 Qd7 17. Ne5 Qe6 18. Nd3 Bd6 19. f3 Nf6 20. Nf2 Nd7 21. Bh3
Qe7 22. e4 cxd4 23. Rxc8 Bxc8 24. Bxd4 Bb4 25. exd5 Qxe2 26. Rxe2 Ba6 27. Rc2
Nf6 28. Bxf6 gxf6 29. a3 Bc5 30. b4 Re8 31. bxc5 Re1+ 32. Bf1 Bxf1 33. Ng4 Bd3+
34. Kf2 Rf1+ 35. Kg2 Bxc2 36. Kxf1 bxc5 37. Nxf6+ Kg7 38. Ne4 c4 39. Ke2 f5 40.
Nd6 Bd3+ 41. Ke3 Kf6 42. Kd4 Be2 43. f4 1-0

[Event "SR 2. liga A 2014/2015"]
[Site "?"]
[Date "2015.02.15"]
[Round "9.1"]
[White "Povysil, Peter"]
[Black "Micek, Jaroslav"]
[Result "0-1"]
[WhiteElo "1997"]
[BlackElo "2112"]
[PlyCount "42"]
[EventDate "2014.??.??"]

1. Nf3 Nc6 2. d4 d5 3. c4 Bg4 4. cxd5 Bxf3 5. gxf3 Qxd5 6. e3 e5 7. Nc3 Bb4 8.
Bd2 Bxc3 9. bxc3 Qe6 10. Rb1 b6 11. Bg2 Nge7 12. f4 exf4 13. Qf3 fxe3 14. fxe3
O-O 15. O-O Rad8 16. Rf2 Qg6 17. Rbf1 Qd3 18. Qg3 Rd6 19. Kh1 Na5 20. Qg5 f6
21. e4 Qxf1+ 0-1

[Event "SR 2. liga A 2014/2015"]
[Site "?"]
[Date "2015.02.15"]
[Round "9.1"]
[White "Dujava, Daniel"]
[Black "Mandak, Miroslav"]
[Result "1-0"]
[WhiteElo "2078"]
[BlackElo "2003"]
[PlyCount "43"]
[EventDate "2014.??.??"]

1. e4 e6 2. d4 d5 3. Nc3 Nf6 4. e5 Nfd7 5. f4 c5 6. Nf3 Nc6 7. Be3 Be7 8. dxc5
Nxc5 9. Be2 O-O 10. O-O Nd7 11. Bd3 g6 12. Ne2 Nb4 13. Ned4 Nb6 14. Qe1 Nxd3
15. cxd3 Bd7 16. g4 f6 17. f5 fxe5 18. Nxe5 exf5 19. gxf5 Bxf5 20. Rxf5 Rxf5
21. Nxf5 gxf5 22. Qg3+ 1-0

[Event "SR 2. liga A 2014/2015"]
[Site "?"]
[Date "2015.02.15"]
[Round "9.1"]
[White "Kebis, Milos"]
[Black "Pytlik, Pavol"]
[Result "1/2-1/2"]
[WhiteElo "1942"]
[BlackElo "2027"]
[PlyCount "81"]
[EventDate "2014.??.??"]

1. c4 Nf6 2. d4 g6 3. Nc3 Bg7 4. e4 d6 5. Nf3 O-O 6. Be2 e5 7. O-O Nc6 8. d5
Ne7 9. Ne1 Ne8 10. Nd3 f5 11. f4 exf4 12. exf5 g5 13. Ne4 Nxf5 14. g3 fxg3 15.
hxg3 h6 16. Bg4 Qe7 17. Re1 Bd4+ 18. Kg2 Qg7 19. Rb1 Nf6 20. Nxf6+ Qxf6 21. Rf1
Qg7 22. Bd2 Bd7 23. Rf3 Rae8 24. Bh5 Ne3+ 25. Bxe3 Rxe3 26. Rxe3 Bxe3 27. Qe2
Bd4 28. Re1 Bf5 29. Rf1 Qf6 30. Rf3 Kg7 31. b3 Be5 32. Nf2 Qe7 33. Qe3 a6 34.
b4 Qd7 35. Nd3 Bh3+ 36. Kh2 Rxf3 37. Qxf3 Qf5 38. Nxe5 dxe5 39. c5 Qxf3 40.
Bxf3 Bd7 41. Kg2 1/2-1/2

[Event "SR 2. liga A 2014/2015"]
[Site "?"]
[Date "2015.02.15"]
[Round "9.1"]
[White "Prochazka, Jaromir"]
[Black "Faltan, Peter"]
[Result "1-0"]
[WhiteElo "1945"]
[BlackElo "1988"]
[PlyCount "49"]
[EventDate "2014.??.??"]

1. Nf3 Nf6 2. c4 d5 3. cxd5 Nxd5 4. d4 e6 5. e4 Bb4+ 6. Bd2 Bxd2+ 7. Qxd2 Nf6
8. Nc3 O-O 9. Bc4 c6 10. a4 b6 11. O-O Ba6 12. Qe2 Bxc4 13. Qxc4 Nfd7 14. Rad1
Qc8 15. Rfe1 Qa6 16. Qb3 Qb7 17. Qc4 Rc8 18. e5 Na6 19. Ne4 b5 20. Qd3 Nb4 21.
Qb1 Rf8 22. Nfg5 g6 23. Re3 h6 24. Nd6 Qb8 25. Ngxf7 1-0

[Event "SR 2. liga A 2014/2015"]
[Site "?"]
[Date "2015.02.15"]
[Round "9.1"]
[White "Mikulasek, Viktor"]
[Black "Drgon, Matus"]
[Result "0-1"]
[WhiteElo "1889"]
[BlackElo "1754"]
[PlyCount "76"]
[EventDate "2014.??.??"]

1. e4 c5 2. Nf3 d6 3. d4 cxd4 4. Nxd4 Nf6 5. Nc3 a6 6. a3 b5 7. Bd3 Bb7 8. f3
e6 9. Be3 Be7 10. Nde2 Nbd7 11. Ng3 O-O 12. Qd2 Rc8 13. O-O Ne5 14. Kh1 Nc4 15.
Bxc4 Rxc4 16. Rad1 d5 17. exd5 Nxd5 18. Nxd5 Bxd5 19. c3 Bf6 20. Ne2 Qb8 21.
Bf2 a5 22. Bg3 Be5 23. f4 Bd6 24. f5 Rg4 25. fxe6 fxe6 26. Rxf8+ Qxf8 27. Qd3
Qa8 28. Rg1 Bc5 29. Nd4 e5 30. Nf3 Bxg1 31. Kxg1 e4 32. Qe3 exf3 33. gxf3 Bxf3
34. Qe6+ Kh8 35. Kf2 Rg6 36. Qe5 Rf6 37. Bf4 Bg4 38. Qe3 g5 0-1

[Event "SR 2. liga A 2014/2015"]
[Site "?"]
[Date "2015.02.15"]
[Round "9.2"]
[White "Janos, Jozef"]
[Black "Janos, Ivan"]
[Result "1-0"]
[WhiteElo "2151"]
[BlackElo "2171"]
[PlyCount "77"]
[EventDate "2014.??.??"]

1. c4 Nf6 2. Nc3 g6 3. d4 Bg7 4. e4 d6 5. Nf3 O-O 6. Be2 Nbd7 7. O-O e5 8. d5
Nc5 9. Nd2 a5 10. Qc2 Nfd7 11. Nb3 f5 12. f3 b6 13. Be3 f4 14. Bf2 g5 15. Nd2
h5 16. b3 Nf6 17. a3 Bd7 18. b4 Na6 19. Rab1 Nh7 20. c5 g4 21. Bxa6 Rxa6 22.
Qd3 Ra8 23. cxb6 g3 24. hxg3 fxg3 25. Bxg3 Qg5 26. Ne2 h4 27. f4 Qg4 28. b7
Rab8 29. bxa5 hxg3 30. a6 exf4 31. a7 Qh5 32. Rf3 Bg4 33. axb8=Q Qh2+ 34. Kf1
Rxb8 35. Ng1 Ng5 36. Rxf4 Bh3 37. gxh3 Nxh3 38. Nxh3 Qxh3+ 39. Ke2 1-0

[Event "SR 2. liga A 2014/2015"]
[Site "?"]
[Date "2015.02.15"]
[Round "9.2"]
[White "Bochnicka, Vladimir"]
[Black "Fabry, Robert"]
[Result "0-1"]
[WhiteElo "2100"]
[BlackElo "2129"]
[PlyCount "56"]
[EventDate "2014.??.??"]

1. e4 e5 2. Nf3 Nc6 3. Bc4 Nf6 4. d4 exd4 5. O-O d6 6. Nxd4 Be7 7. Nxc6 bxc6 8.
Nc3 O-O 9. Bb3 Nd7 10. Be3 Ne5 11. Ne2 a5 12. f4 Ng4 13. Bd4 c5 14. Bf2 a4 15.
Bc4 c6 16. Qd3 Qb6 17. Rab1 Rd8 18. Qf3 Nxf2 19. Rxf2 Qb4 20. b3 axb3 21. axb3
Bb7 22. Rd1 d5 23. exd5 cxd5 24. Bxd5 c4 25. Nc3 Bc5 26. bxc4 Bxd5 27. Nxd5
Qxc4 28. Ne3 Bxe3 0-1

[Event "SR 2. liga A 2014/2015"]
[Site "?"]
[Date "2015.02.15"]
[Round "9.2"]
[White "Slapak, Zdenek"]
[Black "Michal, Silvio"]
[Result "1/2-1/2"]
[WhiteElo "2091"]
[BlackElo "2089"]
[PlyCount "47"]
[EventDate "2014.??.??"]

1. c4 Nf6 2. Nc3 e6 3. g3 Bb4 4. Bg2 c6 5. Qc2 d5 6. cxd5 exd5 7. d4 O-O 8. Nf3
Re8 9. O-O Nbd7 10. a3 Bxc3 11. bxc3 Nb6 12. Ne5 c5 13. Bg5 cxd4 14. cxd4 h6
15. Bf4 Ng4 16. Rfd1 Nxe5 17. dxe5 Qe7 18. a4 g5 19. Bc1 Be6 20. f4 Rac8 21.
Qd3 Nc4 22. h3 Qc5+ 23. Kh2 Rcd8 24. e3 1/2-1/2

[Event "SR 2. liga A 2014/2015"]
[Site "?"]
[Date "2015.02.15"]
[Round "9.2"]
[White "Gazi, Mikulas"]
[Black "Mikulas, Dusan"]
[Result "1/2-1/2"]
[WhiteElo "2098"]
[BlackElo "2073"]
[PlyCount "25"]
[EventDate "2014.??.??"]

1. e4 c5 2. Nf3 d6 3. d4 cxd4 4. Nxd4 Nf6 5. Nc3 a6 6. Bc4 e6 7. Bb3 b5 8. Bg5
Be7 9. Qd3 Bb7 10. O-O Nbd7 11. Bxf6 gxf6 12. Rae1 Nc5 13. Qh3 1/2-1/2

[Event "SR 2. liga A 2014/2015"]
[Site "?"]
[Date "2015.02.15"]
[Round "9.2"]
[White "Kolman, Richard"]
[Black "Syrovy, Ivan"]
[Result "1-0"]
[WhiteElo "2029"]
[BlackElo "2017"]
[PlyCount "63"]
[EventDate "2014.??.??"]

1. e4 c5 2. Nc3 g6 3. f4 Bg7 4. Nf3 Nc6 5. Bc4 d6 6. O-O Nf6 7. d3 Bg4 8. h3
Bxf3 9. Qxf3 Nd4 10. Qf2 a6 11. e5 Ng8 12. exd6 Qxd6 13. Ne4 Qc6 14. c3 b5 15.
Bxf7+ Kxf7 16. cxd4 Rd8 17. f5 Ke8 18. fxg6 Qxg6 19. Be3 cxd4 20. Bd2 Nh6 21.
Ba5 Rf8 22. Qc2 Rxf1+ 23. Rxf1 Nf5 24. Qc7 Rd5 25. Qc8+ Kf7 26. g4 e6 27. Bd2
Bh6 28. Bxh6 Qxh6 29. gxf5 Qe3+ 30. Kg2 Rxf5 31. Nd6+ Kf6 32. Nxf5 1-0

[Event "SR 2. liga A 2014/2015"]
[Site "?"]
[Date "2015.02.15"]
[Round "9.2"]
[White "Hulla, Stanislav"]
[Black "Kuna, Vladimir"]
[Result "1/2-1/2"]
[WhiteElo "1959"]
[BlackElo "1989"]
[PlyCount "54"]
[EventDate "2014.??.??"]

1. d4 d5 2. Bf4 Nf6 3. e3 c6 4. c4 e6 5. Nf3 Bb4+ 6. Nbd2 O-O 7. a3 Bxd2+ 8.
Nxd2 Nbd7 9. Bd3 Re8 10. Nf3 dxc4 11. Bxc4 Nd5 12. Bg3 Nf8 13. O-O Ng6 14. Rc1
Nf6 15. h3 b6 16. Qe2 Bb7 17. Rfd1 Qe7 18. Bh2 Rac8 19. b4 Ra8 20. Ba6 Rec8 21.
Rc2 b5 22. Bxb7 Qxb7 23. Rdc1 a5 24. Ne5 Nxe5 25. Bxe5 Nd7 26. Bd6 axb4 27.
axb4 Nb6 1/2-1/2

[Event "SR 2. liga A 2014/2015"]
[Site "?"]
[Date "2015.02.15"]
[Round "9.3"]
[White "Rohacek, Miroslav"]
[Black "Lanc, Alois"]
[Result "1-0"]
[WhiteElo "2272"]
[BlackElo "2344"]
[PlyCount "69"]
[EventDate "2014.??.??"]

1. d4 Nf6 2. Nf3 g6 3. c4 Bg7 4. Nc3 d6 5. e4 O-O 6. Be2 e5 7. O-O Nbd7 8. Re1
Re8 9. Bf1 c6 10. d5 c5 11. a3 Rf8 12. b4 Ne8 13. Bg5 f6 14. Bd2 Qe7 15. Rb1
Nc7 16. g3 Na6 17. Nh4 f5 18. exf5 gxf5 19. Bd3 Nb6 20. f3 Bd7 21. Qc2 Qf6 22.
b5 Nc7 23. a4 Ne8 24. a5 Nc8 25. Nd1 Ne7 26. Ne3 Kh8 27. Nhg2 Ng6 28. Nd1 h5
29. Nf2 h4 30. Nh3 e4 31. Be2 f4 32. Nhxf4 Nxf4 33. Bxf4 h3 34. Nh4 Bh6 35.
Qxe4 1-0

[Event "SR 2. liga A 2014/2015"]
[Site "?"]
[Date "2015.02.15"]
[Round "9.3"]
[White "Sekera, Branislav"]
[Black "Kralovic, Andrej"]
[Result "0-1"]
[WhiteElo "2207"]
[BlackElo "2172"]
[PlyCount "104"]
[EventDate "2014.??.??"]

1. d4 Nf6 2. Nf3 e6 3. Bg5 h6 4. Bh4 d6 5. Nbd2 g5 6. Bg3 Nh5 7. e4 Bg7 8. Nb3
Nd7 9. Bc4 a6 10. Be2 Nxg3 11. hxg3 Qe7 12. c3 b6 13. Qc2 Bb7 14. O-O-O c5 15.
dxc5 Nxc5 16. Nxc5 bxc5 17. Nd2 O-O 18. f4 f5 19. exf5 gxf4 20. Rhe1 Kh8 21.
gxf4 Rxf5 22. g3 Bd5 23. Bc4 Qd7 24. Bxd5 exd5 25. Nf3 d4 26. Nh4 Rf7 27. Qe4
Rb8 28. Ng6+ Kg8 29. Qd5 Kh7 30. Qe4 Qf5 31. Qxf5 Rxf5 32. Ne7 Rf7 33. c4 Rb4
34. b3 a5 35. Nd5 Rb8 36. Re6 a4 37. Rd3 Rfb7 38. Kc2 axb3+ 39. axb3 Ra7 40. f5
Ra2+ 41. Kd1 Rf2 42. Ke1 Rxf5 43. g4 Re5+ 44. Rxe5 dxe5 45. Rh3 Kg6 46. Kf2 e4
47. Rh5 Rxb3 48. Nf4+ Kh7 49. Ne6 Rb2+ 50. Kg3 Rb3+ 51. Kf4 e3 52. Rh2 d3 0-1

[Event "SR 2. liga A 2014/2015"]
[Site "?"]
[Date "2015.02.15"]
[Round "9.3"]
[White "Kimerling, Martin"]
[Black "Kavon, Rastislav"]
[Result "1-0"]
[WhiteElo "2157"]
[BlackElo "2153"]
[PlyCount "77"]
[EventDate "2014.??.??"]

1. d4 Nf6 2. c4 g6 3. g3 Bg7 4. Bg2 O-O 5. Nc3 d6 6. Nf3 c6 7. O-O Qa5 8. e4 e5
9. h3 Re8 10. Be3 Nbd7 11. Qc2 Qc7 12. Rad1 b6 13. Rd2 Bb7 14. Rfd1 Rad8 15. b4
Ba6 16. c5 dxc5 17. dxc5 Bf8 18. cxb6 axb6 19. Qa4 Bb7 20. Qb3 h6 21. Nh4 g5
22. Nf5 Nb8 23. Qc4 Na6 24. Bf3 b5 25. Nxb5 cxb5 26. Qxc7 Nxc7 27. Rxd8 Rxd8
28. Rxd8 Ne6 29. Rb8 Bxe4 30. Bxe4 Nxe4 31. Nxh6+ Kg7 32. Ng4 Bxb4 33. Rxb5 Bd6
34. a4 f5 35. Nxe5 N6c5 36. Nc4 Nxa4 37. Nxd6 Nxd6 38. Bd4+ Kg6 39. Rb4 1-0

[Event "SR 2. liga A 2014/2015"]
[Site "?"]
[Date "2015.02.15"]
[Round "9.3"]
[White "Bango, Lukas"]
[Black "Machalova, Maria"]
[Result "0-1"]
[WhiteElo "1917"]
[BlackElo "2096"]
[PlyCount "118"]
[EventDate "2014.??.??"]

1. c4 Nf6 2. Nf3 e6 3. g3 c5 4. Bg2 Nc6 5. O-O Be7 6. Nc3 O-O 7. d4 d6 8. e4
cxd4 9. Nxd4 Qb6 10. Ndb5 a6 11. Be3 Qd8 12. Nd4 Qc7 13. b3 Nxd4 14. Bxd4 e5
15. Be3 Be6 16. Rc1 Qa5 17. Qd2 Qc7 18. Nd5 Bxd5 19. cxd5 Qd7 20. f3 Rfc8 21.
Rxc8+ Rxc8 22. Rc1 Bd8 23. Bf1 Rxc1 24. Qxc1 Ba5 25. a3 Qc7 26. Qxc7 Bxc7 27.
Kf2 Kf8 28. Bd3 Ke7 29. h3 Nd7 30. f4 f6 31. b4 a5 32. Bb5 axb4 33. axb4 Bb6
34. Bxb6 Nxb6 35. fxe5 dxe5 36. Kf3 f5 37. Bd3 Kd6 38. b5 fxe4+ 39. Bxe4 h6 40.
h4 Nxd5 41. Bd3 Nc3 42. Ke3 b6 43. g4 Kd5 44. g5 hxg5 45. hxg5 e4 46. Bf1 Ke5
47. Bc4 Nd5+ 48. Ke2 Kd4 49. Bb3 Nc3+ 50. Kf2 Nxb5 51. Kg3 Nc3 52. Be6 e3 53.
Bg4 e2 54. Kf2 b5 55. Be6 Kd3 56. Ke1 b4 57. g6 Kc2 58. Bf5+ Kc1 59. Be6 Nb5
0-1

[Event "SR 2. liga A 2014/2015"]
[Site "?"]
[Date "2015.02.15"]
[Round "9.3"]
[White "Sahidi, Samir"]
[Black "Jakubec, Milan"]
[Result "1-0"]
[WhiteElo "2026"]
[BlackElo "2102"]
[PlyCount "151"]
[EventDate "2014.??.??"]

1. e4 e5 2. Nf3 Nf6 3. Nc3 Bb4 4. Nxe5 Bxc3 5. dxc3 Qe7 6. Nf3 Qxe4+ 7. Be2 O-O
8. O-O d6 9. Bd3 Qg4 10. h3 Qh5 11. Nd4 Qxd1 12. Rxd1 g6 13. Bg5 Nbd7 14. Re1
h6 15. Bh4 g5 16. Bg3 Nc5 17. c4 Nxd3 18. cxd3 Bd7 19. b4 Rfe8 20. Re3 Nh5 21.
Rae1 Nxg3 22. fxg3 Kf8 23. Kf2 Rxe3 24. Rxe3 Re8 25. Rxe8+ Kxe8 26. b5 c5 27.
bxc6 bxc6 28. g4 Ke7 29. Ke3 Kf6 30. Nb3 c5 31. d4 cxd4+ 32. Nxd4 Bc8 33. g3 h5
34. gxh5 Bxh3 35. Nc6 Bg2 36. Nb4 a5 37. Nd3 Ke6 38. Kd4 Bf3 39. h6 Kf6 40. Ne1
Bh1 41. Nc2 Kg6 42. Ne3 Kxh6 43. Nf5+ Kg6 44. Nxd6 Kf6 45. Ne4+ Kf5 46. Nf2 Bf3
47. Kc5 Ke5 48. Nh3 f6 49. Kb5 Be2 50. Ng1 Bd3 51. Nf3+ Ke4 52. Nd2+ Ke3 53.
Nb3 f5 54. Nc5 Be2 55. Ne6 g4 56. Nf4 Bf1 57. Kc5 Kf3 58. Nh5 Bd3 59. Kd4 Be4
60. Ke5 a4 61. a3 Bd3 62. c5 f4 63. Nxf4 Bb5 64. Nh5 Be8 65. Ng7 Bg6 66. c6 Be4
67. c7 Bb7 68. Nh5 Ke3 69. Kd6 Kd4 70. Nf6 Bc8 71. Nd5 Ke4 72. Nb6 Bb7 73. Nxa4
Kf3 74. Kd7 Kxg3 75. Nc5 Bc8+ 76. Kxc8 1-0